000 00560nam a22001937a 4500
005 20140305112124.0
010 _aENG-108648
020 _a9788171920594
_c375.00
035 _aEN-92181
037 _bDBAD/PUB
082 _a883.912
100 _aDeshraj, Anupama D.
245 _aFeminine self and feminism in Vrginia Woolf /
_cby Anupama D. Deshraj
260 _a Nagpur
_c2010
_bDattsons
270 _aJ. Nehru Marg, Sadar Bazar Road,
_bNagpur
_e440001
300 _a188p.
_c22cm(Hb)
600 _d
942 _2ddc
_cEN
_mDES
_h883.912
999 _c80491
_d80491